000 00768nam a2200193Ia 4500
003 GCL
008 140319s9999 xx 000 0 ara d
040 _aGCL /
_cGCL
082 0 4 _a830.009
_bب غ
100 1 _aافرائيم، جوتهولد
245 1 0 _aغو تهولد افرائيم ليسنغ(1729_ 1781) وحكاية الخواتم الثلاثة : ملحوظات دول الشرق العربى والاسلامى على مؤلفات الشاعر الناقد الالمانى /
_cافرائيم، جوتهولد
700 1 _aباخمان، بيتر
300 _a63
490 _a100 قصة
_v0
650 0 4 _aالادباء
650 0 4 _aالادب الالمانى - تاريخ ونقد
650 0 4 _aافرائيم، غوتهولد
942 _2ddc
_cBK
999 _c46172
_d46172